000 01356nam a2200337 i 4500
003 EG-GICUC
005 20260215193713.0
008 260215s1974 ua |||fr|||| 00| 0 ara d
017 _a4042/1974
040 _a EG-GICUC
_bara
_c EG-GICUC
_d EG-GICUC
_erda
041 0 _aAra
082 0 4 _221
_a343.390624
_bم ح . إ
092 0 4 _221
099 _aLaw1 10 343.390624 م ح . إ 1974
100 0 _aمحمد محى الدين عوض
_eمؤلف.
245 1 2 _aالإثبات بين الإزدواج والوحدة فى الجنائى والمدنى فى السودان :
_bدراسة مقارنة /
_cتأليف دكتور محمد محى الدين عوض.
264 3 _aالقاهرة :
_bدار الاتحاد العربى للطباعة،
_c1974.
300 _a160 ؛صفحة
_c24 سم.
336 _2rda content
_atext
337 _2rda media
_aComputer
338 _2rda carrier
_aOnline Resource
490 _a؛مطبوعات جامعة القاهرة بالخرطوم
_v14
504 _a.149 ببليوجرافيا: صفحات.
546 _aالنص باللغة العربية
650 1 _aالإثبات الجنائى
_2qrmak
_yالسودان
650 1 _aالقانون الجنائى
_2qrmak
651 1 _2qrmak
856 4 0 _uhttps://fll.law.cu.edu.eg/fulltext/bks/B10-08339.pdf
905 _a54
942 _2ddc
_cBK
_e21
_n0
999 _c63177
_d63177